=LDR 00000nam 2200000 4500 =001 NUTBA000000000002496 =990 ##$$a 21403637 =990 ##$$a 21403637 =990 ##$$a 21403640 =990 ##$$a 21403639 =005 20250314085451 =990 ##$$a 21403638 =990 ##$$a 21403637 =990 ##$$a 21403637 =990 ##$$a 21403638 =035 ##$$a 0010-061400000000439 =990 ##$$a 21403639 =990 ##$$a 21403638 =990 ##$$a 21403638 =990 ##$$a 21403639 =008 250314################d##########0#ind## =990 ##$$a 21403639 =990 ##$$a 21403640 =990 ##$$a 21403640 =990 ##$$a 21403640 =990 ##$$a 21403641 =990 ##$$a 21403641 =990 ##$$a 21403641 =990 ##$$a 21403641 =020 ##$$a 978-979-444-446-7 =040 ##$$a NBPDMAT =082 ##$$a 028.5 =090 ##$$a 028.5 $b Pur a =100 ##$$a Purwanto =245 1#$$a Awas polusi /$c Drs.Purwanto B.sc =250 ##$$a Cet.1 =260 ##$$a Jakarta :$b Pustaka Utama Grafiti,$c 2010 =300 ##$$a vii, 59 hlm. : $b ilus. ; $c 21 cm. =650 #4$$a Bacaan Kanak - Kanak =850 ##$$a NBPDMAT =084 ##$$a 028.5 PUR a =990 ##$$a 21403637 =990 ##$$a 21403638 =990 ##$$a 21403639 =990 ##$$a 21403640 =990 ##$$a 21403641